[Event "Southend Easter U1900 op 67th"]
[Site "Southend"]
[Date "2025.04.19"]
[Round "4"]
[White "Royce, Anastasija"]
[Black "Chiang, Richard"]
[Result "0-1"]
[WhiteElo "1541"]
[BlackElo "1727"]
[PlyCount "158"]
[EventDate "2025.04.18"]
[EventType "swiss"]
[EventRounds "7"]
[EventCountry "ENG"]
[SourceTitle "CB18_2025"]
[SourceDate "2025.04.30"]
[SourceVersion "1"]
[SourceVersionDate "2025.04.30"]
[SourceQuality "1"]

1. e4 c5 2. Nf3 g6 3. Bc4 Bg7 4. Bxf7+ Kxf7 5. Ng5+ Ke8 6. Qf3 Nh6 7. Nc3 Nc6 8. Ne2 Nd4 9. Nxd4 cxd4 10. d3 e6 11. Qe2 Nf7 12. f4 Nxg5 13. fxg5 Rf8 14. Bd2 Qb6 15. 0-0-0 d6 16. Rdf1 Qc7 17. Rxf8+ Kxf8 18. Rf1+ Kg8 19. h4 e5 20. h5 Be6 21. hxg6 hxg6 22. Kb1 Rc8 23. c3 dxc3 24. Bxc3 Qd7 25. Rc1 Qa4 26. b3 Qb5 27. Bb2 Rxc1+ 28. Bxc1 a5 29. Qc2 Qc5 30. Qxc5 dxc5 31. Kb2 Kf7 32. Be3 Bf8 33. Bd2 b6 34. Bc3 Bd6 35. Bd2 Bg4 36. Kc2 Ke6 37. Kb2 Be7 38. Kc2 Be2 39. a4 Bd8 40. Kc3 Kd7 41. Be3 Kc6 42. Kc4 Bg4 43. Bc1 Be6+ 44. Kc3 b5 45. Bd2 Kb6 46. Be3 Bd7 47. axb5 Kxb5 48. Bc1 Be6 49. Be3 Be7 50. Bc1 a4 51. bxa4+ Kxa4 52. Be3 Kb5 53. Kd2 Bd8 54. Ke2 Bg4+ 55. Ke1 Ba5+ 56. Bd2 Bxd2+ 57. Kxd2 Kb4 58. Kc2 Be2 59. Kd2 Bf1 60. g3 Kb3 61. g4 Bh3 62. d4 exd4 63. Kd3 Bxg4 64. e5 Bf5+ 65. Kd2 c4 66. e6 Bxe6 67. Kc1 Kc3 68. Kd1 Kd3 69. Kc1 Ke4 70. Kd2 Kf4 71. Kc2 Kxg5 72. Kd2 Kf4 73. Kc2 g5 74. Kd2 g4 75. Ke2 Bf5 76. Kd2 Kg3 77. Ke2 Kh2 78. Kf1 g3 79. Ke2 g2 0-1

[Event "Southend Easter U1900 op 67th"]
[Site "Southend"]
[Date "2025.04.18"]
[Round "2"]
[White "Chiang, Richard"]
[Black "Miah, Javaid"]
[Result "1-0"]
[WhiteElo "1727"]
[BlackElo "1556"]
[PlyCount "113"]
[EventDate "2025.04.18"]
[EventType "swiss"]
[EventRounds "7"]
[EventCountry "ENG"]
[SourceTitle "CB18_2025"]
[SourceDate "2025.04.30"]
[SourceVersion "1"]
[SourceVersionDate "2025.04.30"]
[SourceQuality "1"]

1. c4 c5 2. Nc3 Nf6 3. g3 Nc6 4. Bg2 e6 5. e4 Be7 6. Nge2 a6 7. 0-0 0-0 8. d3 d6 9. h3 Bd7 10. Be3 Rb8 11. a4 Ne8 12. Qd2 Bf6 13. f4 Nd4 14. Rab1 Nb3 15. Qc2 Qb6 16. Bf2 Qb4 17. g4 g6 18. Be1 Qb6 19. Bf2 Rc8 20. Kh2 Bg7 21. Bh4 f6 22. Bf2 Bc6 23. Rbd1 f5 24. Bf3 Kh8 25. Bg3 Qb4 26. exf5 Bxf3 27. Rxf3 gxf5 28. g5 Nd4 29. Nxd4 cxd4 30. Ne2 Nc7 31. Be1 Qb6 32. Ng3 Nd5 33. Qe2 Ne3 34. Rb1 Qc6 35. b3 a5 36. Nh5 Qc5 37. Nxg7 Kxg7 38. Bf2 Rce8 39. Bxe3 dxe3 40. Qxe3 Qxe3 41. Rxe3 Kf7 42. Rbe1 Re7 43. d4 Rfe8 44. Kg3 Kg6 45. Kf3 Kf7 46. Rc1 e5 47. dxe5 dxe5 48. fxe5 Rxe5 49. Rce1 Rxe3+ 50. Rxe3 Rxe3+ 51. Kxe3 b6 52. Kf4 Kg6 53. h4 h6 54. gxh6 Kxh6 55. Kxf5 Kh5 56. Ke5 Kxh4 57. Kd5 1-0

[Event "London Central Major"]
[Site "London"]
[Date "2022.11.05"]
[Round "2"]
[White "Cooper, Malcolm H"]
[Black "Chiang, Richard"]
[Result "1-0"]
[WhiteElo "1783"]
[BlackElo "1613"]
[PlyCount "63"]
[EventDate "2022.11.04"]
[EventType "swiss"]
[EventRounds "5"]
[EventCountry "ENG"]
[SourceTitle "EXT 2024"]
[Source "ChessBase"]
[SourceDate "2023.10.10"]
[SourceVersion "1"]
[SourceVersionDate "2023.10.10"]
[SourceQuality "1"]

1. d4 d5 2. c4 c6 3. cxd5 cxd5 4. Bf4 Nf6 5. e3 Nc6 6. Nc3 a6 7. Be2 g6 8. h3 Bg7 9. Nf3 0-0 10. 0-0 Re8 11. Rc1 h6 12. Qb3 Na5 13. Qb4 b5 14. Nxb5 axb5 15. Bc7 Qd7 16. Bxa5 Qa7 17. Bc7 Qxa2 18. Ne5 e6 19. Bxb5 Bf8 20. Qc3 Re7 21. Qc2 Ne4 22. Kh2 Kh7 23. f3 Nf6 24. Bd8 Rb7 25. Ra1 Qxa1 26. Rxa1 Rxa1 27. Qxc8 Rxb5 28. Bxf6 Bg7 29. Bxg7 Kxg7 30. Qd7 Rxb2 31. Qxf7+ Kh8 32. Nxg6# 1-0

[Event "London Classic op U2050-B 11th"]
[Site "London"]
[Date "2019.12.06"]
[Round "5"]
[White "Joslin, Tim M"]
[Black "Chiang, Richard"]
[Result "1-0"]
[WhiteElo "1844"]
[BlackElo "1577"]
[PlyCount "60"]
[EventDate "2019.12.02"]
[EventType "swiss"]
[EventRounds "5"]
[EventCountry "ENG"]
[SourceTitle "CBM 195 Extra"]
[Source "ChessBase"]
[SourceDate "2020.05.31"]
[SourceVersion "1"]
[SourceVersionDate "2020.05.31"]
[SourceQuality "1"]

1. e4 c5 2. c3 g6 3. d4 cxd4 4. cxd4 d5 5. exd5 Nf6 6. Nf3 Bg7 7. Bb5+ Bd7 8. Bc4 b5 9. Bb3 0-0 10. 0-0 Bf5 11. Re1 Re8 12. Bg5 h6 13. Bh4 a5 14. Bxf6 Bxf6 15. a3 Nd7 16. Nc3 Qb6 17. Ne5 Nf8 18. d6 Bxe5 19. dxe5 exd6 20. Nd5 Qd8 21. Nf6+ Kg7 22. Nxe8+ Qxe8 23. exd6 Be6 24. Qd4+ Kg8 25. Rac1 Qd8 26. Bxe6 Nxe6 27. Rxe6 fxe6 28. Rc7 Qf8 29. Qe4 Kh8 30. Qxg6 Qf5 1-0

[Event "London Classic op U2050-B 11th"]
[Site "London"]
[Date "2019.12.04"]
[Round "3"]
[White "Marin Aso, Jose Luis"]
[Black "Chiang, Richard"]
[Result "1/2-1/2"]
[WhiteElo "1917"]
[BlackElo "1577"]
[PlyCount "57"]
[EventDate "2019.12.02"]
[EventType "swiss"]
[EventRounds "5"]
[EventCountry "ENG"]
[SourceTitle "CBM 195 Extra"]
[Source "ChessBase"]
[SourceDate "2020.05.31"]
[SourceVersion "1"]
[SourceVersionDate "2020.05.31"]
[SourceQuality "1"]

1. c4 e5 2. Nc3 Nc6 3. Nf3 g6 4. d4 exd4 5. Nxd4 Bg7 6. Nc2 Nge7 7. e4 0-0 8. Be2 d6 9. 0-0 f5 10. exf5 Nxf5 11. Ne3 Ncd4 12. Bd3 Bd7 13. Nxf5 Nxf5 14. Be4 Bc6 15. Bd5+ Kh8 16. Bxc6 bxc6 17. Bf4 Rb8 18. Qd2 Qd7 19. Rad1 Qf7 20. b3 Rbe8 21. Rfe1 Rxe1+ 22. Rxe1 Re8 23. Rxe8+ Qxe8 24. Qe2 Qxe2 25. Nxe2 Kg8 26. Kf1 Kf7 27. f3 Ke6 28. g4 Nd4 29. Nxd4+ 1/2-1/2

[Event "London CSC 5-Day U2050 op 10th"]
[Site "London"]
[Date "2018.12.12"]
[Round "4"]
[White "Chiang, Richard"]
[Black "Hayward, Alan"]
[Result "0-1"]
[WhiteElo "1569"]
[BlackElo "1903"]
[PlyCount "100"]
[EventDate "2018.12.09"]
[EventType "swiss"]
[EventRounds "5"]
[EventCountry "ENG"]
[SourceTitle "EXT 2020"]
[Source "ChessBase"]
[SourceDate "2019.10.17"]
[SourceVersion "1"]
[SourceVersionDate "2019.10.17"]
[SourceQuality "1"]

1. d4 f5 2. Bf4 d6 3. e3 Nf6 4. c3 g6 5. Nd2 Bg7 6. h4 Nh5 7. Bh2 Nc6 8. Ngf3 e5 9. dxe5 Nxe5 10. Be2 Ng4 11. Qb3 Qe7 12. Bc4 c6 13. Qa3 Nxh2 14. Rxh2 d5 15. Qxe7+ Kxe7 16. Be2 Bd7 17. Nb3 Nf6 18. Nfd4 h5 19. Rh1 Ne4 20. Nd2 Rac8 21. Nxe4 fxe4 22. Rd1 Rhf8 23. Rd2 Rf7 24. Nb3 Rff8 25. Bd1 b6 26. Nd4 Kd6 27. a3 c5 28. Nc2 Ba4 29. Rf1 Ke6 30. Be2 Rc7 31. Bd1 Rd8 32. f3 Be5 33. f4 Bf6 34. g3 Kf7 35. Rdf2 Bb5 36. Be2 Bd3 37. Kd2 d4 38. c4 Bxc2 39. Kxc2 d3+ 40. Kb3 dxe2 41. Rxe2 Rd3+ 42. Kc2 Rcd7 43. Rff2 Ke6 44. Rg2 Kf5 45. Re1 Kg4 46. Rge2 Kf3 47. Kc1 Rb3 48. Rc2 Rxe3 49. Rf1+ Kg4 50. Rg1 Rxg3 0-1